00408 a2200109 4500020001500000082001600015100002000031245012600051260005700177300004600234650001800280 a0415270596 a307.121 WAT aWatson, Vanessa aChange and Continuity in Spatial Planning : metropolitan planning in cape town under political transitioncVanessa Watson aLondon : New York :bTaylor and Francis Group,c2002 aix, 177p. :bill ., maps, pics., ;c23 cm aCity Planning